000 00540nam a22001697a 4500
999 _c41102
_d41102
003 OSt
005 20210312144032.0
008 210310b ||||| |||| 00| 0 eng d
020 _a9788131609309
040 _coclc
082 _a303.372
_bCAP/S
100 _98531
_aCapeheart, Loretta
245 _aSocial Justice :
_bTheories Issues And Movement /
_cLoretta Capeheart ; Dragan Milovanovic
260 _aJaipur:
_bRawat Publications,
_c2018.
300 _a257p
942 _2ddc
_cBK
_h303.372
_iCAP/S
_k303.372
_mCAP/S